Ultraviolet spectrometer and polarimeter (UVSP) catalog of observations; vol. 3 (Record no. 11023)

MARC details
000 -LEADER
fixed length control field 00835nam a2200217Ia 4500
003 - CONTROL NUMBER IDENTIFIER
control field IN-BaIIA
008 - FIXED-LENGTH DATA ELEMENTS--GENERAL INFORMATION
fixed length control field 211028s9999 xx 000 0 eng d
040 ## - CATALOGING SOURCE
Transcribing agency IIA Library
080 ## - UNIVERSAL DECIMAL CLASSIFICATION NUMBER
Universal Decimal Classification number 083.8:520.44
Item number HEN-3
100 ## - MAIN ENTRY--PERSONAL NAME
Personal name Henze, William
9 (RLIN) 18865
245 #0 - TITLE STATEMENT
Title Ultraviolet spectrometer and polarimeter (UVSP) catalog of observations; vol. 3
Remainder of title experiments 63058-99771 (February 1988 - November 1989)
Statement of responsibility, etc. William Henze
260 ## - PUBLICATION, DISTRIBUTION, ETC.
Place of publication, distribution, etc. Washington
Name of publisher, distributor, etc. National Aeronautics and Space Administration
Date of publication, distribution, etc. 1993
300 ## - PHYSICAL DESCRIPTION
Extent iii, 1583-2473p.
490 ## - SERIES STATEMENT
Series statement NASA contractor report; 4529
650 ## - SUBJECT ADDED ENTRY--TOPICAL TERM
Topical term or geographic name entry element Astronomy and Astrophysics Thesaurus
650 ## - SUBJECT ADDED ENTRY--TOPICAL TERM
Topical term or geographic name entry element Catalogue-UVSP
9 (RLIN) 18866
650 ## - SUBJECT ADDED ENTRY--TOPICAL TERM
Topical term or geographic name entry element Polarimeter
9 (RLIN) 18867
650 ## - SUBJECT ADDED ENTRY--TOPICAL TERM
Topical term or geographic name entry element Ultraviolet spectrometer
9 (RLIN) 18868
650 ## - SUBJECT ADDED ENTRY--TOPICAL TERM
Topical term or geographic name entry element UVSP Catalogue
9 (RLIN) 18869
942 ## - ADDED ENTRY ELEMENTS (KOHA)
Koha item type Books
Holdings
Withdrawn status Lost status Damaged status Not for loan Home library Current library Shelving location Date acquired Total Checkouts Full call number Barcode Date last seen Price effective from Koha item type
        IIA Library-Bangalore IIA Library-Bangalore General Stacks 24/03/1994   083.8:520.44/ HEN-3 11936 05/11/2021 24/03/1994 Books

Powered by Koha